|
|
|
|
| LEADER |
01947nam a2200457 i 4500 |
| 001 |
EBC1977458 |
| 003 |
MiAaPQ |
| 005 |
20200520144314.0 |
| 006 |
m o d | |
| 007 |
cr cnu|||||||| |
| 008 |
150306t20152001enk ob 001 0 eng d |
| 020 |
|
|
|z 9780765608024
|
| 020 |
|
|
|z 9780765608031
|
| 020 |
|
|
|a 9781315700038 (e-book)
|
| 035 |
|
|
|a (MiAaPQ)EBC1977458
|
| 035 |
|
|
|a (Au-PeEL)EBL1977458
|
| 035 |
|
|
|a (CaPaEBR)ebr11024431
|
| 035 |
|
|
|a (CaONFJC)MIL733626
|
| 035 |
|
|
|a (OCoLC)904084071
|
| 040 |
|
|
|a MiAaPQ
|b eng
|e rda
|e pn
|c MiAaPQ
|d MiAaPQ
|
| 050 |
|
4 |
|a HD6490.C616
|b .C934 2015
|
| 082 |
0 |
|
|a 331.88/0285
|2 21
|
| 245 |
0 |
4 |
|a The cyberunion handbook :
|b transforming labor through computer technology /
|c edited by Arthur B. Shostak.
|
| 264 |
|
1 |
|a London, [England] ;
|a New York, New York :
|b Routledge,
|c 2015.
|
| 264 |
|
4 |
|c 2001
|
| 300 |
|
|
|a 1 online resource (384 pages).
|
| 336 |
|
|
|a text
|2 rdacontent
|
| 337 |
|
|
|a computer
|2 rdamedia
|
| 338 |
|
|
|a online resource
|2 rdacarrier
|
| 490 |
1 |
|
|a Issues In Work and Human Resources
|
| 504 |
|
|
|a Includes bibliographical references and index.
|
| 588 |
|
|
|a Description based on print version record.
|
| 590 |
|
|
|a Electronic reproduction. Ann Arbor, MI : ProQuest, 2015. Available via World Wide Web. Access may be limited to ProQuest affiliated libraries.
|
| 650 |
|
0 |
|a Labor unions
|x Computer networks.
|
| 650 |
|
0 |
|a Labor unions
|x Computer network resources.
|
| 655 |
|
4 |
|a Electronic books.
|
| 700 |
1 |
|
|a Shostak, Arthur B.,
|e editor.
|
| 776 |
0 |
8 |
|i Print version:
|t Cyberunion handbook : transforming labor through computer technology.
|d London, [England] ; New York, New York : Routledge, 2015, c2001
|h xxiv, 359 pages
|k Issues in work and human resources.
|z 9780765608024
|w 2001049501
|
| 797 |
2 |
|
|a ProQuest (Firm)
|
| 830 |
|
0 |
|a Issues in work and human resources.
|
| 856 |
4 |
0 |
|u https://ebookcentral.proquest.com/lib/matrademy/detail.action?docID=1977458
|z Click to View
|